000 00412cam a2200145 4500500
005 20251012032517.0
041 _afre
042 _adc
100 1 0 _aLe Moing, Monique
_eauthor
245 0 0 _aPages de fin
260 _c2001.
500 _a5
786 0 _nSigila | 8 | 2 | 2001-12-20 | p. 235-241 | 1286-1715
856 4 1 _uhttps://shs.cairn.info/revue-sigila-2001-2-page-235?lang=fr&redirect-ssocas=7080
999 _c1547533
_d1547533